Foreign policy implementation /

Bibliographic Details
Other Authors: Smith, Steve, 1952-, Clarke, Michael, 1945-
Format: Book
Language:English
Published: London ; Boston : G. Allen & Unwin, 1985.
Subjects:

MARC

Tag First Indicator Second Indicator Subfields
LEADER 00000pam a2200000 a 4500
001 in00000573621
005 20151014063359.0
008 840626s1985 enk b 00100 eng
010 |a  84014604  
020 |a 0043510663 (alk. paper) 
020 |a 0043510671 (pbk.) 
035 |a (OCoLC)10948884 
035 |9 ACN3920AM 
039 0 |a 2  |b 3  |c 3  |d 3  |e 3 
040 |a DLC  |c DLC  |d TXA  |d UtOrBLW 
043 |a n-us---  |a e-uk---  |a e-fr--- 
049 |a TXAM  |c [A09079443] 
050 0 0 |a JX1391  |b .F64 1985 
082 0 |a 351.89  |2 19 
245 0 0 |a Foreign policy implementation /  |c edited by Steve Smith, Michael Clarke. 
264 1 |a London ;  |a Boston :  |b G. Allen & Unwin,  |c 1985. 
300 |a 195 pages ;  |c 23 cm. 
336 |a text  |b txt  |2 rdacontent 
337 |a unmediated  |b n  |2 rdamedia 
338 |a volume  |b nc  |2 rdacarrier 
500 |a Includes index. 
504 |a Bibliography: pages [181]-190. 
650 0 |a International relations. 
651 0 |a United States  |x Foreign relations administration. 
651 0 |a Great Britain  |x Foreign relations administration. 
651 0 |a France  |x Foreign relations administration. 
700 1 |a Smith, Steve,  |d 1952- 
700 1 |a Clarke, Michael,  |d 1945- 
999 |a MARS 
999 f f |s f5bf86a4-2af4-3aac-ae91-0148a93018c1  |i aeedf746-ba57-3523-bd3c-e31434f908e8  |t 0 
952 f f |p ric  |a Texas A&M University  |b Rellis Campus  |c Joint Library Facility  |d Remote Storage  |t 0  |e JX1391 .F64 1985  |h Library of Congress classification  |i unmediated -- volume  |m A14809045559 
998 f f |a JX1391 .F64 1985  |t 0  |l Remote Storage